| 000 | 00741cam a2200253 i 4500 | ||
|---|---|---|---|
| 001 | 48989 | ||
| 005 | 20230410101712.0 | ||
| 008 | 760513s1974 sz a 000 0 fre | ||
| 020 | _c49.00F | ||
| 041 | _afre | ||
| 050 | 1 | 4 |
_a110 ND 306 _bD787j 1974 |
| 100 | 1 | _aDrot, Jean-Marie. | |
| 245 | 1 | 0 |
_aJournal de voyage chez les peintres de la Fete et du Vaudou en Haiti / _cJean-Marie Drot. |
| 260 |
_aGenéve : _bAlbert Skira, _c1974. |
||
| 300 |
_a89 p. : _bill. (some col.) ; _c30 cm. |
||
| 490 | 0 | _aCouleurs de la vie | |
| 650 | 0 | _aPainting, Haitian. | |
| 650 | 0 |
_aPrimitivism in art _zHaiti. |
|
| 650 | 6 | _aPeinture haitienne. | |
| 650 | 4 | _aCEH | |
| 650 | 4 | _aColección Estudios Haitianos | |
| 942 |
_2lcc _cbk |
||
| 994 |
_aC0 _bDRFGD |
||
| 999 |
_c12349 _d12349 |
||